Texts & pretexts : an anthology with commentaries /

Bibliographic Details
Main Author: Huxley, Aldous, 1894-1963
Format: Book
Language:English
Published: New York, London : Harper & brothers, 1933.
Subjects:

MARC

Tag First Indicator Second Indicator Subfields
LEADER 00000cam a2200000 4500
001 in00000027414
005 20151007061334.0
008 741107s1933 nyu 00010 eng u
010 |a  33002325  
035 |a (OCoLC)01069103 
035 |9 AAD1823AM 
040 |c SNN  |d TXA  |d UtOrBLW 
049 |a TXAM  |c 1 [50084]  |c 2 [138463] 
050 0 |a PN511  |b .H85 1933 
092 |a 808.1  |b H986t 
100 1 |a Huxley, Aldous,  |d 1894-1963. 
245 1 0 |a Texts & pretexts :  |b an anthology with commentaries /  |c by Aldous Huxley. 
264 1 |a New York,  |a London :  |b Harper & brothers,  |c 1933. 
300 |a vii pages, 1 ., 322 pages ;  |c 22 cm. 
336 |a text  |b txt  |2 rdacontent 
337 |a unmediated  |b n  |2 rdamedia 
338 |a volume  |b nc  |2 rdacarrier 
500 |a "First edition." 
650 0 |a Poetry  |x History and criticism. 
650 0 |a Poetry  |v Collections. 
999 |a MARS 
999 f f |s 62995f84-b2e1-3390-9561-efa6c5a1ff37  |i 1c56d8d3-f1fa-3fed-a382-a1791ed477b8  |t 0 
952 f f |p ric  |a Texas A&M University  |b Rellis Campus  |c Joint Library Facility  |d Remote Storage  |t 0  |e PN511 .H85 1933  |h Library of Congress classification  |i unmediated -- volume  |m A14801196495 
998 f f |a PN511 .H85 1933  |t 0  |l Remote Storage